000 00606nam a2200253Ia 4500
003 IT-RoPAU
005 20220918175705.0
008 120407s9999 xx 000 0 und d
040 _aIT-RoPAU
040 _cIT-RoPAU
041 _aita
100 _aPinuzzo
_934014
100 _csc.
_934015
245 _aCent’anni a Lourdes
250 _aMilano
260 _aDaverio
260 _c1958
300 _a133 p.
300 _c17 cm
490 _v1
600 _a"243.6---4.10 Fatima arcobaleno di pace. Milano --Daverio ---1960---131 p. 18 cm."
_934016
942 _cBK
_2ddc
999 _c25271
_d25271